ARRUPE JESUIT UNIVERSITY

CORONAVIRUS -STOP THE SPREAD - CLEAN,DISINFECT,COVER

What might have been : (Record no. 119439)

MARC details
000 -LEADER
fixed length control field 02698fam a2200337 a 4500
001 - CONTROL NUMBER
control field 1698206
003 - CONTROL NUMBER IDENTIFIER
control field ARRUPE
005 - DATE AND TIME OF LATEST TRANSACTION
control field 20131220134932.0
008 - FIXED-LENGTH DATA ELEMENTS--GENERAL INFORMATION
fixed length control field 950222s1995 njua b 001 0 eng
010 ## - LIBRARY OF CONGRESS CONTROL NUMBER
LC control number 95008025
020 ## - INTERNATIONAL STANDARD BOOK NUMBER
International Standard Book Number 0805816135 (alk. paper)
020 ## - INTERNATIONAL STANDARD BOOK NUMBER
International Standard Book Number 0805816143 (pbk. : alk. paper)
035 ## - SYSTEM CONTROL NUMBER
System control number (OCoLC)32199730
035 ## - SYSTEM CONTROL NUMBER
System control number (OCoLC)ocm32199730
035 ## - SYSTEM CONTROL NUMBER
System control number (NNC)1698206
040 ## - CATALOGING SOURCE
Original cataloging agency DLC
Transcribing agency DLC
Modifying agency NNC
-- OrLoB
050 00 - LIBRARY OF CONGRESS CALL NUMBER
Classification number BF441.
Item number W46 1995
082 00 - DEWEY DECIMAL CLASSIFICATION NUMBER
Classification number 153.4
Edition number 20
300 ## - PHYSICAL DESCRIPTION
Other physical details ill. ;
Dimensions 24 cm.
245 00 - TITLE STATEMENT
Title What might have been :
Remainder of title the social psychology of counterfactual thinking /
Statement of responsibility, etc edited by Neal J. Roese and James M. Olson.
260 ## - PUBLICATION, DISTRIBUTION, ETC. (IMPRINT)
Place of publication, distribution, etc Mahwah, N.J. :
Name of publisher, distributor, etc Lawrence Erlbaum,
Date of publication, distribution, etc 1995.
263 ## - PROJECTED PUBLICATION DATE
Projected publication date 9508
300 ## - PHYSICAL DESCRIPTION
Extent xi, 408 p. :
504 ## - BIBLIOGRAPHY, ETC. NOTE
Bibliography, etc Includes bibliographical references and index.
505 00 - FORMATTED CONTENTS NOTE
Miscellaneous information 1.
Title Counterfactual Thinking: A Critical Overview /
Statement of responsibility Neal J. Roese and James M. Olson --
Miscellaneous information 2.
Title Counterfactual Constraints /
Statement of responsibility Eric P. Seelau, Sheila M. Seelau, Gary L. Wells and Paul D. Windschitl --
Miscellaneous information 3.
Title Individual Differences in Counterfactual Thinking /
Statement of responsibility Margaret Kasimatis and Gary L. Wells --
Miscellaneous information 4.
Title Comparison Processes in Counterfactual Thought /
Statement of responsibility David Dunning and Scott F. Madey --
Miscellaneous information 5.
Title Living in Neither the Best Nor Worst of All Possible Worlds: Antecedents and Consequences of Upward and Downward Counterfactual Thinking /
Statement of responsibility Matthew N. McMullen, Keith D. Markman and Igor Gavanski --
Miscellaneous information 6.
Title Functions of Counterfactual Thinking /
Statement of responsibility Neal J. Roese and James M. Olson --
Miscellaneous information 7.
Title Dysfunctional Implications of Counterfactual Thinking: When Alternatives to Reality Fail Us /
Statement of responsibility Steven J. Sherman and Allen R. McConnell --
Miscellaneous information 8.
Title Through a Glass Darkly: Worldviews, Counterfactual Thought, and Emotion /
Statement of responsibility Janet Landman --
505 80 - FORMATTED CONTENTS NOTE
Miscellaneous information 9.
Title Some Counterfactual Determinants of Satisfaction and Regret /
Statement of responsibility Thomas Gilovich and Victoria Husted Medvec --
Miscellaneous information 10.
Title With an Eye Toward the Future: The Impact of Counterfactual Thinking on Affect, Attitudes, and Behavior /
Statement of responsibility Faith Gleicher, David S. Boninger, Alan Strathman, David Armor, John Hetts and Mina Ahn --
Miscellaneous information 11.
Title Counterfactual Thought, Regret, and Superstition: How to Avoid Kicking Yourself /
Statement of responsibility Dale T. Miller and Brian R. Taylor --
Miscellaneous information 12.
Title Counterfactual and Contrastive Reasoning in Explanations for Performance: Implications for Gender Bias /
Statement of responsibility Ann L. McGill and Jill G. Klein --
Miscellaneous information 13.
Title Counterfactual Thinking and Coping With Traumatic Life Events /
Statement of responsibility Christopher G. Davis and Darrin R. Lehman --
Miscellaneous information 14.
Title Varieties of Counterfactual Thinking /
Statement of responsibility Daniel Kahneman.
650 #0 - SUBJECT ADDED ENTRY--TOPICAL TERM
Topical term or geographic name as entry element Thought and thinking.
9 (RLIN) 6272
700 1# - ADDED ENTRY--PERSONAL NAME
Personal name Roese, Neal J.
9 (RLIN) 6273
700 1# - ADDED ENTRY--PERSONAL NAME
Personal name Olson, James N.
9 (RLIN) 6274
900 ## - EQUIVALENCE OR CROSS-REFERENCE-PERSONAL NAME [LOCAL, CANADA]
Numeration TOC
942 ## - ADDED ENTRY ELEMENTS (KOHA)
Source of classification or shelving scheme Library of Congress Classification
Koha item type Monograph ( Printed materials)
Holdings
Withdrawn status Lost status Source of classification or shelving scheme Damaged status Not for loan Home library Current library Date acquired Total Checkouts Full call number Barcode Date last seen Price effective from Koha item type
    Library of Congress Classification     ARRUPE LIBRARY ARRUPE LIBRARY 20/12/2013   D21.3.W44 2004 464122955 20/12/2013 20/12/2013 Monograph ( Printed materials)

 

Arrupe Library. PO Box MP320 Mt Pleasant, Harare, Zimbabwe
263 242 745411|librarian@aju.ac.zw